Produccin̤ ms̀ limpia

Bibliographic Details
Main Author: van Hoof, Bart
Other Authors: Monroy, Nštor, Saer, Alex
Format: eBook
Language:Spanish
Published: Bogot:̀ Universidad de Los Andes (Colombia), 2008
Subjects:
Online Access:Acceso restringido

MARC

LEADER 00000nam a22000007a 4500
005 20190708170118.0
007 cr|||| ||||
008 190708s2008 co |||||s|||| 00||0 spa d
020 |a 978-958-682-724-9 
035 |a 23837 
040 |a vLex 
090 |c 9010  |d 9010 
100 1 |a van Hoof, Bart 
245 1 0 |a Produccin̤ ms̀ limpia  |h [Recurso electrn̤ico] /  |c Bart van Hoof, Nštor Monroy, Alex Saer 
256 |a Servicio en ln̕ea 
260 |a Bogot:̀  |b Universidad de Los Andes (Colombia),  |c 2008 
300 |a 1 recurso electrn̤ico 
506 1 |a Disponible solo en los productos indicados  |d vLex Global  |d vLex Global (Academic Edition, excluding Law Schools)  |d vLex Global (U.S. Academic Edition, Law Schools)  |d vLex Global (U.S. Academic Edition, excluding Law Schools)  |d vLex Global (Academic Edition, Law Schools) 
650 0 4 |a Derecho del Medio Ambiente  |z Colombia 
700 1 |a Monroy, Nštor 
700 1 |a Saer, Alex 
740 0 |a vLex Libros (Servicio en ln̕ea) 
856 4 0 |u http://vlex.com/source/produccion-limpia-23837  |z Acceso restringido 
942 |c BOOK 
999 0 |a Environmental Law